Robert Musil si romanul modern

Bibliographic Details
Main Author: Andriescu, Cornelia (Author)
Format: Book
Language:English
PhysicalDescription:218 s.
Published: Iasi Editura Junimea 1892

MARC

LEADER 00000nam a2200000 a 4500
001 vtls001494715
003 SK-MaSNL
005 20260302073820.0
008 240314 000 0 eng
040 |a SNK  |b slo  |c SNK  |e AACR2 
100 1 |a Andriescu, Cornelia  |4 aut  |9 738678 
245 1 0 |a Robert Musil si romanul modern 
260 |a Iasi  |b Editura Junimea  |c 1892 
300 |a 218 s. 
999 |c 1162541  |d 1164471 
952 |a SNK  |b SNK  |y VYP  |7 0  |p 17A0351368  |o snkID 79922  |i snkV 3647/83  |3 Rekatalogizácia  |0 0  |1 0  |4 0  |d 2005-02-18  |l 0  |r 2026-02-24 20:38:16  |w 2026-02-24